000 00726nam a22002890a 4500
001 PT55945
003 AR-LpoUNG
005 20210131231734.0
008 191001s2004||||uy |||||||||||||||||spa d
020 _a9974782007
_c$12.66
040 _aAR-LpoUNG
_bspa
_cAR-LpoUNG
_eaacr
041 _aspa
044 _auy
082 0 _aA863 723jug
100 1 _aArlt, Roberto
245 1 3 _aEl juguete rabioso
250 _a1ra. ed.
260 _a[Montevideo] :
_bCentro Editor de Cultura,
_c2004.
300 _a156 p. :
_bfot.
650 4 _aARGENTINA
650 4 _aLITERATURA
650 4 _aNOVELAS
651 4 _aDOCUMENTOS TEORICOS O METODOLOGICOS
653 _aLITERATURA ARGENTINA
905 _a55945
942 _cLIB
999 _c11689
_d11689